Nuevas revelaciones sobre el cuerpo humano y la voz / (Record no. 72617)

MARC details
000 -LEADER
campo de control de longitud fija 00445nam a2200145 i 4500
001 - NÚMERO DE CONTROL
campo de control 72617
003 - IDENTIFICADOR DE NÚMERO DE CONTROL
campo de control ES-MaACL
007 - CAMPO FIJO DE DESCRIPCIÓN FÍSICA--INFORMACIÓN GENERAL
campo de control de longitud fija t|
008 - DATOS DE LONGITUD FIJA--INFORMACIÓN GENERAL
campo de control de longitud fija 040902s1953 sp ||||1| spa d
100 1# - ENTRADA PRINCIPAL--NOMBRE DE PERSONA
Nombre de persona Godoy, Agustín.
9 (RLIN) 57534
245 10 - MENCIÓN DEL TÍTULO
Título Nuevas revelaciones sobre el cuerpo humano y la voz /
Mención de responsabilidad, etc. Agustín Godoy.
260 ## - PUBLICACIÓN, DISTRIBUCIÓN, ETC.
Lugar de publicación, distribución, etc. [S.l. :
Nombre del editor, distribuidor, etc. s.n.,
Fecha de publicación, distribución, etc. 1953] (
Lugar de fabricación/manufactura Bilbao :
Fabricante La editorial vizcaína)
300 ## - DESCRIPCIÓN FÍSICA
Extensión 314 p. ;
Dimensiones 21 cm.
852 ## - LOCALIZACIÓN
Ubicación ES-MaACL
Número de control de estantería C-5867
Sublocalización o colección R.35301
Holdings
Estatus retirado Estado de pérdida Estado de daño No para préstamo Biblioteca de origen Biblioteca actual Ubicación en estantería Fecha de adquisición Fuente de adquisición Total de préstamos Signatura topográfica completa Código de barras Visto por última vez Precio de reemplazo Tipo de ítem Koha
        Biblioteca del Ateneo de Madrid Biblioteca del Ateneo de Madrid Sala Palomar 17/01/2008     C-5867 1076019 23/02/2023 23/02/2023 Libro impreso